000 00696nam2a2200205 4500
001 RU\NLR\PER_A\002705533_000770
005 20250626055226.0
035 _a(NLR Aleph) 011383806
090 _a11415731
_c11415731
100 _a20170511d2017 |||y0rusy50 ca
101 0 _arus
102 _aRU
200 0 _a2017, № 1
210 _d2017
_aБ. м.
461 0 _1001RU\NLR\Per\524318
_12001#$aТаможенное дело$fизд. группа "Юрист"$v2017, № 1
_94357716
_cМосква
_d2006 -
_fизд. группа "Юрист"
_n[б. и.]
_tТаможенное дело
_x2071-1220
_v2017, № 1
852 _aNLR
_jП23/6823
942 _cISSUE
980 _aNB
980 _aRUSPER